000 00427nam a2200181Ia 4500
005 20250423094350.0
008 250422s9999 xx 000 0 und d
020 _a9789351112129
050 _aHF 5827 .S53/
100 _aShaikh, Javed
245 0 _aAdvertising research
260 _aNew Delhi
260 _bRandom Publications
260 _c2020
300 _a282 p
650 _aAdvertising--Research.
942 _cBK
999 _c27025
_d27025